| 000 | 00864nam a2200313Ia 4500 | ||
|---|---|---|---|
| 008 | 170203s9999 xx 000 0 und d | ||
| 020 | _a0-736423729 | ||
| 050 | _aFic. | ||
| 050 | _bD779v | ||
| 100 | _aDriscoll, Laura. | ||
| 245 | _aVidia and the fairy crown / | ||
| 245 | _cwritten by Laura Driscoll ; illustrated by Judith Holmes Clarke & the Disney Storybook artists. | ||
| 260 | _aNew York : | ||
| 260 | _bRandom House, | ||
| 260 | _c©2006. | ||
| 300 | _a112 pages : | ||
| 300 | _bcolor illustrations ; | ||
| 300 | _c20 cm | ||
| 650 | _aFairies -- | ||
| 650 | _aFantasy fiction -- | ||
| 650 | _aLost articles -- | ||
| 650 | _aPlants -- | ||
| 650 | _aTheft -- | ||
| 650 | _xJuvenile fiction. | ||
| 650 | _xJuvenile fiction. | ||
| 650 | _xJuvenile fiction. | ||
| 650 | _xJuvenile fiction. | ||
| 650 | _xJuvenile fiction. | ||
| 999 |
_c306461 _d306461 |
||